| 000 | 00448nam a22001457a 4500 | ||
|---|---|---|---|
| 005 | 20170824144731.0 | ||
| 008 | 170824b xxu||||| |||| 00| 0 eng d | ||
| 020 | _a978-81-8333-008-4 | ||
| 041 | _aeng | ||
| 245 |
_aWeb Enabled Commercial Application Development Using HTML,JavaScript,DHTML and PHP _h[electronic resource] |
||
| 250 | _a4 th | ||
| 260 |
_aNew Delhi _bBPB Publication |
||
| 300 |
_a1 CD-ROM _eReceived along with book. |
||
| 942 | _cCD | ||
| 999 |
_c5532 _d5530 |
||